000 00407cam a2200169ua 4500
020 _c1.40
041 _amal
_h
082 _a894.8122
_bKOT/VE
100 _aKottarakkara, N.C .
245 _aVelicham veesunnu /
_cN.C.Kottarakkara.
_hTextual Documents
260 _aQuilon :
_bM.S Book Depot ,
_c1955.
300 _a143 ; .
365 _a1.40
504 _a
942 _cBK
999 _c1194
_d1194